00274nam a2200097Ia 4500008004100000082001500041100004600056245004200102260002300144300000900167210430s9999 xx 000 0 und d a070 H344 J aDr.Mehndi Hasan, Dr. Abdul Salam Khurshid aJournalism For All /cDr.Mehndi Hasan aLahorebAzizc2007 a327p